Compendio de política social / (Record no. 124632)

MARC details
000 -LEADER
campo de control de longitud fija 00744nam a2200217 i 4500
001 - NÚMERO DE CONTROL
campo de control 124632
003 - IDENTIFICADOR DE NÚMERO DE CONTROL
campo de control ES-MaACL
007 - CAMPO FIJO DE DESCRIPCIÓN FÍSICA--INFORMACIÓN GENERAL
campo de control de longitud fija t|
008 - DATOS DE LONGITUD FIJA--INFORMACIÓN GENERAL
campo de control de longitud fija 070413s1931 sp ||||1| spa d
100 1# - ENTRADA PRINCIPAL--NOMBRE DE PERSONA
Nombre de persona Heyde, Ludwig.
9 (RLIN) 63520
245 10 - MENCIÓN DEL TÍTULO
Título Compendio de política social /
Mención de responsabilidad, etc. Ludwig Heyde ; traducido de la sexta edición alemana y anotado por Rafael Luengo Tapia y Manuel Sánchez Sarto.
260 ## - PUBLICACIÓN, DISTRIBUCIÓN, ETC.
Lugar de publicación, distribución, etc. Barcelona :
Nombre del editor, distribuidor, etc. Labor,
Fecha de publicación, distribución, etc. [1931]
300 ## - DESCRIPCIÓN FÍSICA
Extensión 384 p., lám. ;
Dimensiones 17 cm.
490 1# - MENCIÓN DE SERIE
Mención de serie Colección Labor ;
Designación de volumen o secuencia 299, 300
650 14 - PUNTO DE ACCESO ADICIONAL DE MATERIA--TÉRMINO DE MATERIA
Término de materia o nombre geográfico como elemento de entrada Política social.
9 (RLIN) 16308
700 1# - ENTRADA AGREGADA--NOMBRE PERSONAL
Nombre de persona Luengo Tapia, Rafael
9 (RLIN) 74639
700 1# - ENTRADA AGREGADA--NOMBRE PERSONAL
Nombre de persona Sánchez Sarto, Manuel.
9 (RLIN) 102931
830 00 - PUNTO DE ACCESO ADICIONAL DE SERIE-TÍTULO UNIFORME
Título uniforme Colección Labor
Designación de volumen o secuencia 299, 300
9 (RLIN) 184254
852 ## - LOCALIZACIÓN
Ubicación ES-MaACL
Número de control de estantería E-2792
Holdings
Estatus retirado Estado de pérdida Estado de daño No para préstamo Biblioteca de origen Biblioteca actual Ubicación en estantería Fecha de adquisición Fuente de adquisición Total de préstamos Signatura topográfica completa Código de barras Visto por última vez Precio de reemplazo Tipo de ítem Koha
        Biblioteca del Ateneo de Madrid Biblioteca del Ateneo de Madrid Depósito 2 17/01/2008     E-2792 1129850 23/02/2023 23/02/2023 Libro impreso